Pays dominant le cyclisme sur route - Statistiques

Statistiques générales
  • Ce quiz a été pris 65 fois
  • Le résultat moyen est 6 sur 7
Statistiques - réponses
Hint Réponse % Correct
18 Grands Tours Espagne
97%
6 victoires Italie
95%
7 victoires (annulés) Etats-Unis
92%
9 victoires Royaume-Uni
83%
4 victoires Pays-Bas
75%
7 victoires Slovénie
68%
5 victoires Australie
49%
Aucun quiz correspondant
Distribution des résultats
% des personnes avec chaque résultat
Percentile par nombre de réponses
Votre historique - résultats
Vous n’avez pas pris ce quiz